Handbook of gender responsive participatory tools for community-based forest management (Record no. 3523)

MARC details
000 -LEADER
fixed length control field 00451nam a22001577a 4500
003 - CONTROL NUMBER IDENTIFIER
control field URS
005 - DATE AND TIME OF LATEST TRANSACTION
control field 20220114142534.0
008 - FIXED-LENGTH DATA ELEMENTS--GENERAL INFORMATION
fixed length control field 191121s1999 ph a|||| |||| 00| 0 eng d
020 ## - INTERNATIONAL STANDARD BOOK NUMBER
International Standard Book Number 9718836225
040 ## - CATALOGING SOURCE
Language of cataloging eng
Transcribing agency URS
Modifying agency rda
050 14 - LIBRARY OF CONGRESS CALL NUMBER
Classification number HQ 1240
Item number .H23617 1999
245 00 - TITLE STATEMENT
Title Handbook of gender responsive participatory tools for community-based forest management
260 ## - PUBLICATION, DISTRIBUTION, ETC.
Date of publication, distribution, etc. [1999]
300 ## - PHYSICAL DESCRIPTION
Extent 151 pages
Other physical details with illustrations
Dimensions 24 cm
942 ## - ADDED ENTRY ELEMENTS (KOHA)
Source of classification or shelving scheme Library of Congress Classification
Koha item type Reference
Holdings
Withdrawn status Source of classification or shelving scheme Damaged status Not for loan Collection code Home library Current library Shelving location Date acquired Total Checkouts Full call number Barcode Date last seen Price effective from Koha item type
  Library of Congress Classification     Non-fiction Cainta College Library Cainta College Library On Display 11/21/2019   HQ 1240.H23617 1999 URSCAI-4473 11/04/2016 11/04/2016 Reference

University of Rizal System
Email us at univlibservices@urs.edu.ph

Visit our Website www.urs.edu.ph/library